000 00460nam a2200169Ia 4500
003 GCL
008 140319s9999 xx 000 0 ara d
040 _aGCL /
_cGCL
082 0 4 _a819
100 1 _aسعد سليمان حمودة
245 1 0 _aالبلاغة العربية /
_cسعد سليمان حمودة
300 _a339
490 _a100 قصة
_v0
650 0 4 _aالادب العربى
650 0 4 _aالبلاغة العربية
942 _2ddc
_cBK
999 _c43303
_d43303